00493nam a2200145Ia 4500008004100000041000800041082001700049100002400066245003900090260003700129300003100166365000900197999001500206952012600221240624s9999 xx 000 0 und d aeng a658.4092 CRA aCRANDALL MAJOR DOUG aLEADERSHIP LESSONS FROM WEST POINT c2007aSan FranciscobJossey-Bass axxx, : 397 : p. : cm. ; 24 cb28 c7845d7845 00104070aIMTNbIMTNcRack 30-Bd2007-12-27eBWEg27.95o658.4092 CRAp7845r2024-06-24 00:00:00t39.53w2024-06-24yBK